000 00947nam a22002417a 4500
005 20260422121921.0
008 260422b |||||||| |||| 00| 0 eng d
020 _a9789357753425 (pbk)
037 _cTB
040 _aCRL
_cCRL
041 _2hin
_ahin
084 _aO44(Y5927)wN60,1 152R3
_qCRL
100 _aबेचैन, श्यौराज सिंह
_91235364
245 _aमेरा बचपन मेरे कन्धों पर
260 _aनयी दिल्ली, भारत:
_bवाणी प्रकाशन,
_c2023.
300 _a232पृ.
365 _b225.00
_cINR
650 _aभारतीय साहित्य
650 _aदलित
_91235365
650 _aआत्मकथा
_9754947
942 _2CC
_cTB
_hO44(Y5927)wN60,1 152R3
_n0
999 _c1848371
_d1848371